000 00716nam a2200289Ia 4500
005 20260324143909.0
008 008 260324s9999 xx 000 0 eng d
020 _a9780429328589
037 _aEBOOK
040 _aCRL
040 _beng
040 _cCRL
041 _2eng
041 _aeng
084 _qCRL
100 _aDavid S. Porter
_91217336
245 0 _aU.S. Economic Foreign Aid
245 2 _bA Case Study of the United States Agency for International Development
260 _bTaylor and Francis
260 _c1990
365 _a
365 _b205
856 _uhttp://www.taylorfrancis.com/books/9780429328589
942 _cEBOOK
999 _c1823271
_d1823271